000 00774nas a2200253 4500
001 BR8700494
003 BR-BrBNA
005 20231205090549.0
007 ta
008 230509b bl.|||p| |||| 00| 00por d
040 _aBR-BrBNA
_bpor
_cBiblioteca Nacional de Agricultura
041 _a(Pt)
072 _aH10
100 1 _aAquino, I. de S.
100 1 _aRamalho, F. de S.
100 1 _aMenezes Neto, J.
100 1 _aJesus, F.M.M.
245 1 _aPeriodo de captura do bicudo-do-algodoeiro, Anthonomus grandis Boheman por armadilhas de feromonio
650 _aALGODAO
650 _aBICUDO
773 0 _tCiencia e Cultura (Brazil)
_xISSN 0009-6725
_g(Jun 1986), v. 38(6) p. 1038-1040
_wBR8700494
909 _a202311
_bLúcia
_c55
_dLúcia Elande
942 _2AGRIS
_n0
_cANA
999 _c119351
_d119351